000 00747nam a2200229Ia 4500
003 GCL
008 140319s9999 xx 000 0 ara d
040 _aGCL /
_cGCL
082 0 4 _a840.9
_bم ا
100 1 _aمجموعة من الاستاذة
245 1 0 _aالادب والانواع الادبية /
_cمجموعة من الاستاذة
700 1 _aمجموعة من الاساتذة
700 1 _aطاهر حجار
700 1 _aطاهر حجار (مترجم)
700 1 _aمحمود الربداوى (تقديم)
260 _a[S.N] :
_bدار طلاس للدراسات والترجمة ،
_c1985
300 _a330 ص
490 _a
650 0 4 _aالادب الفرنسى
650 0 4 _aتاريخ ونقد
942 _2ddc
_cBK
999 _c35466
_d35466